000 00569nam a22002057a 4500
003 UA-OsUOA
001 98183
007 ta
008 20130410b un ||||| |||| 00| 0 ukr d
090 _a821.581
_bП90
942 _cBK
040 _aUA-OsUOA
_brus
_cUA-OsUOA
_dUA-OsUOA
245 _aПуть к Заоблачными Втратами
_cСост. Смирнова И.
300 _a608 с.
955 _a3
041 _arus
080 _a821.581
260 _aМ.
_bПравда
_c1989
650 7 _a82 Література. Літературознавство
_2UDC
999 _c384343
_d384343